000 00641cam a2200217 4500500
005 20260405001005.0
041 _afre
042 _adc
100 1 0 _aLeonelli, Ludovic
_eauthor
245 0 0 _aPourquoi désobéir en démocratie ?
260 _c2010.
500 _a61
690 _aAlbert Ogien
690 _aDémocratie
690 _aDésobéissance
690 _aphilosophie
690 _aPolitique
690 _aSandra Laugier
786 0 _nPhilosophie magazine | 42 | 9 | 2010-09-01 | p. 52-53 | 1951-1787
856 4 1 _uhttps://shs.cairn.info/magazine-philosophie-magazine-2010-9-page-52?lang=fr&redirect-ssocas=7080
999 _c2042947
_d2042947